Tidak nakal lagi

Bibliographic Details
Main Author: Ali Muakhir
Format: Book
Published: Selangor : PTS ONE , 2006
Series:Siri komik ibadah akhlak mulia
Subjects:

MARC

LEADER 00000cam a2200000 7i4500
001 0000007361
005 20220622104030.0
008 070829
020 |a 9833357741 
090 0 0 |a JF   |b REG MAL (7696) 
100 0 |a Ali Muakhir 
245 1 0 |a Tidak nakal lagi   |c Ali Muakhir 
260 |a Selangor :   |b PTS ONE ,   |c 2006 
440 |a Siri komik ibadah akhlak mulia 
500 |a Children age 4-6 years old (yellow) 
650 0 |a Comic books, strips, etc. 
999 |a 0000990180   |b Book   |c Children Collection   |e Perbadanan Perpustakaan Awam Johor 
999 |a 0000990181   |b Book   |c Children Collection   |e Perbadanan Perpustakaan Awam Johor 
999 |a 0000990183   |b Book   |c Children Collection   |e Perbadanan Perpustakaan Awam Johor 
999 |a 0001086130   |b Book   |c Children Collection   |e Cawangan Taman Universiti